| 000 | 00621nam a22001937a 4500 | ||
|---|---|---|---|
| 003 | OSt | ||
| 005 | 20260307135814.0 | ||
| 082 |
_a664 _bFAT/UL |
||
| 088 | _aP 649 | ||
| 100 |
_aFATHIMA RINSHA K _97895 |
||
| 100 |
_aNAYANTHARA S R _97896 |
||
| 100 |
_aARYA P _97897 |
||
| 100 |
_aNIRANJAN P J _97898 |
||
| 245 | _aULTRASOUND-ASSISTED EXTRACTION, OPTIMIZATION AND MICROENCAPSULATION OF BIOACTIVE COMPOUNDS FROM INDIAN BAEL LEAVES | ||
| 260 |
_aTavanur _bDEPARTMENT OF PROCESSING AND FOOD ENGINEERING _c2025 |
||
| 700 |
_aRAJESH GK _97899 |
||
| 856 | _uhttp://14.139.181.140:8080/jspui/handle/123456789/2193 | ||
| 942 | _cPR | ||
| 999 |
_c19624 _d19624 |
||